000 00705nam a2200289Ia 4500
005 20260324131800.0
008 008 260324s9999 xx 000 0 eng d
020 _a9780203954577
037 _aEBOOK
040 _aCRL
040 _beng
040 _cCRL
041 _2eng
041 _aeng
084 _qCRL
100 _aCharles D. Spielberger; Irwin G. Sarason
_91186808
245 0 _aStress and Emotion
245 0 _bAnxiety, Anger and Curiosity, Volume 17
260 _bTaylor and Francis
260 _c2005
365 _a
365 _b62.99
856 _uhttp://www.taylorfrancis.com/books/9780203954577
942 _cEBOOK
999 _c1784293
_d1784293